<?xml version="1.0" encoding="UTF-8"?>
<record
    xmlns:xsi="http://www.w3.org/2001/XMLSchema-instance"
    xsi:schemaLocation="http://www.loc.gov/MARC21/slim http://www.loc.gov/standards/marcxml/schema/MARC21slim.xsd"
    xmlns="http://www.loc.gov/MARC21/slim">

  <leader>01006nam a22002297a 4500</leader>
  <controlfield tag="003">LK-CoMWRAF</controlfield>
  <controlfield tag="005">20240624163311.0</controlfield>
  <controlfield tag="008">240624b2023    |||||||| |||| 00| 0 eng d</controlfield>
  <datafield tag="020" ind1=" " ind2=" ">
    <subfield code="a">97895514310201</subfield>
  </datafield>
  <datafield tag="040" ind1=" " ind2=" ">
    <subfield code="a">LK-CoMWRAF</subfield>
    <subfield code="d">LK-CoMWRAF</subfield>
    <subfield code="e">LK-CoMWRAF</subfield>
  </datafield>
  <datafield tag="041" ind1=" " ind2=" ">
    <subfield code="a">tam</subfield>
  </datafield>
  <datafield tag="082" ind1=" " ind2=" ">
    <subfield code="a">305.8</subfield>
    <subfield code="b">ZAI</subfield>
  </datafield>
  <datafield tag="100" ind1=" " ind2=" ">
    <subfield code="a">&#xBB8;&#xBC6;&#xBAF;&#xBCD;&#xBA9;&#xBCD;, &#xBB1;&#xBB5;&#xBC2;&#xBAA;&#xBCD;, </subfield>
    <subfield code="v">Zain, Rauff</subfield>
  </datafield>
  <datafield tag="245" ind1=" " ind2=" ">
    <subfield code="a">&#xB87;&#xBB2;&#xB99;&#xBCD;&#xB95;&#xBC8;  &#xBAE;&#xBC1;&#xBB8;&#xBCD;&#xBB2;&#xBBF;&#xBAE;&#xBCD;&#xB95;&#xBB3;&#xBBF;&#xBA9;&#xBCD; &#xBA4;&#xBC7;&#xB9A;&#xBBF;&#xBAF; &#xBAA;&#xB99;&#xBCD;&#xB95;&#xBB3;&#xBBF;&#xBAA;&#xBCD;&#xBAA;&#xBC1;:</subfield>
    <subfield code="b">&#xBA8;&#xBBF;&#xBA9;&#xBC8;&#xBB5;&#xBC1;&#xB95;&#xBCD;&#xB95;&#xBC6;&#xB9F;&#xBCD;&#xB9F;&#xBBF;&#xBAF; &#xB95;&#xBBE;&#xBB2;&#xBAE;&#xBCD; &#xBAE;&#xBC1;&#xBA4;&#xBB2;&#xBCD; &#xB9A;&#xBC1;&#xBA4;&#xBA8;&#xBCD;&#xBA4;&#xBBF;&#xBB0;&#xBAE;&#xBCD; &#xBB5;&#xBB0;&#xBC8;</subfield>
  </datafield>
  <datafield tag="246" ind1=" " ind2=" ">
    <subfield code="a">Ila&#x1E45;kai muslimka&#x1E37;i&#x1E49; t&#x113;ciya pa&#x1E45;ka&#x1E37;ippu: ni&#x1E49;aivukke&#x1E6D;&#x1E6D;iya k&#x101;lam mutal cutantiram varai</subfield>
  </datafield>
  <datafield tag="246" ind1=" " ind2=" ">
    <subfield code="a">The Muslim contribution to national life</subfield>
  </datafield>
  <datafield tag="260" ind1=" " ind2=" ">
    <subfield code="a">Thihariya: </subfield>
    <subfield code="b">Ibnu Khaldun Research Institute for Social Sciences, </subfield>
    <subfield code="c">2023</subfield>
  </datafield>
  <datafield tag="300" ind1=" " ind2=" ">
    <subfield code="a">300 p.</subfield>
    <subfield code="b">Bibliography included</subfield>
  </datafield>
  <datafield tag="650" ind1=" " ind2=" ">
    <subfield code="a">MUSLIM COMMUNITY-Sri Lanka</subfield>
  </datafield>
  <datafield tag="650" ind1=" " ind2=" ">
    <subfield code="a">Muslim contribution</subfield>
  </datafield>
  <datafield tag="942" ind1=" " ind2=" ">
    <subfield code="c">BK</subfield>
  </datafield>
  <datafield tag="952" ind1=" " ind2=" ">
    <subfield code="0">0</subfield>
    <subfield code="1">0</subfield>
    <subfield code="4">0</subfield>
    <subfield code="7">0</subfield>
    <subfield code="a">MAIN</subfield>
    <subfield code="b">MAIN</subfield>
    <subfield code="d">2024-06-24</subfield>
    <subfield code="l">0</subfield>
    <subfield code="o">305.8 ZAI</subfield>
    <subfield code="p">RAF5316</subfield>
    <subfield code="r">2024-06-24</subfield>
    <subfield code="w">2024-06-24</subfield>
    <subfield code="y">BK</subfield>
  </datafield>
  <datafield tag="999" ind1=" " ind2=" ">
    <subfield code="c">4939</subfield>
    <subfield code="d">4939</subfield>
  </datafield>
</record>
